Identify the Landmark/Landform Decoy Quiz Stats

 Plays Quiz Updated Jun 22, 2018

Score 0/12 Timer 06:00
8 Plays Today
Question Answer Wrong Answers
France CN Tower (Canada)
95.1%
The Louvre
1.1%
Eiffel Tower
1%
Arc de Triomphe
1.1%
Japan Burj Khalifa (United Arab Emirates)
88.6%
Himeji Castle
4.5%
Itsukushima Shrine
3.1%
Mount Fuji
2.2%
China Angkor Wat (Cambodia)
85.7%
Great Wall of China
1.1%
Forbidden City
2.5%
Beijing National Stadium
9%
Australia Buckingham Palace (United Kingdom)
82.4%
Sydney Opera House
1.2%
Ayers Rock
3.9%
The Twelve Apostles
10.9%
United States Angel Falls (Venezuela)
82%
Gateway Arch
8.7%
Empire State Building
5.1%
Grand Canyon
2.7%
Italy Commerce Square (Portugal)
73.4%
Colosseum
2.6%
Leaning Tower of Pisa
1.9%
Trevi Fountain
20.5%
Greece Pantheon (Italy)
72.4%
Thira
10.8%
Parthenon
2.9%
Amphitheater
12.3%
Germany Church of Santa Prisca (Mexico)
67.7%
Reichstag
16.6%
Brandenburg Gate
7.8%
Neuschwanstein Castle
6.2%
Spain Hagia Sophia (Turkey)
64%
Aqueduct of Segovia
21.6%
Alhambra
6.3%
Sagrada Família
6.4%
United Kingdom Palace of Versailles (France)
58.5%
Millennium Dome
37.5%
Big Ben
1%
London Eye
1.5%
India Ayutthaya (Thailand)
47.9%
India Gate
42.7%
Taj Mahal
2.1%
Golden Temple
5.7%
Russia Statue of Lenin (United States)
42.5%
Catherine Palace
30.8%
Lenin's Mausoleum
22.4%
Saint Basil's Cathedral
2.6%

You're not logged in!

Compare scores with friends on all Sporcle quizzes.
OR
Log In

Sporcle TV

Today on Sporcle TV


Watch our educational content, quiz creation guides, and fun videos on Sporcle TV.

Show Comments

Extras

Top Quizzes Today


Score Distribution

Your Account Isn't Verified!

In order to create a playlist on Sporcle, you need to verify the email address you used during registration. Go to your Sporcle Settings to finish the process.

Report this User

Report this user for behavior that violates our Community Guidelines.

Details: